LEADER 01030nas a2200193 i 4500 001 000000002976 003 CaOOAMICUS 005 20180830125436.0 008 180830s1925 it uu u0 0ita r 040 $aSeMil$bita 245 10$aStudi e Materiali di Storia delle Religioni :$bpubblicati dalla Scuola di Studi Storico-Religiosi dell'Universitą di Roma. 260 $aRoma :$bEdizioni dell'Ateneo,$c1925-1969. 500 $aPubblicata inizialmente a Roma dalla Anonima Romana Editoriale. 500 $aConsistenza: 1 (1925) ; 38 (1967) - 40 (1969). - Lacune : fascicoli 3 e 4 del 1925. 710 2 $aUniversitą degli Studi "La Sapienza" .$0(OLS)http://semarc/name/4155 774 0 $tTitolo mancante.$w()132799 785 00$tReligioni e Civiltą.$dBari : Dedalo, 1970-1976.$w()2719 996 $6245$aStudi e Materiali di Storia delle Religioni :$bpubblicati dalla Scuola di Studi Storico-Religiosi dell'Universitą di Roma$9(OLS)http://semarc/title/5052 996 $6260$aRoma :$bEdizioni dell'Ateneo$9(OLS)http://semarc/publisher/30989 LEADER 01404nam a2200289 i 4500 001 000000075786 003 CaOOAMICUS 005 20130315000000.0 008 130315s2000 it u000 u ita u 013 $a46958 020 $a88-87103-28-3 040 $aSeMil$bita 100 1 $aAugé, Matias .$0(OLS)http://semarc/name/16102 245 10$aMaria modello di contemplazione del Mistero di Cristo :$batti del 3° Colloquio Internazionale di Mariologia, Cesena, 9-10 aprile 1999 /$cMatias Augé ... [et al.] ; a cura di Stefano Maria Pasini. 260 $aRoma :$bEd. Monfortane,$ccopyr. 2000. 300 $a185 p. ;$c24 cm. 490 0 $aBiblioteca di Theotokos ;$v3 500 $aContiene : Bibliografia. 650 4$aMariologia.$0(OLS)http://semarc/subject/451 700 1 $aPasini, Stefano Maria.$0(OLS)http://semarc/name/37402 830 0$aBiblioteca di Theotokos ;$v3.$0(OLS)http://semarc/title/649 850 $aSeMil 852 $aSeMil$W1$xVenegono$y1$m2L V 173$j41938$B41938$CSeMilBibl$Z2$F41942 $81 961 $aOmaggio: Scuola Cattolica 996 $6020$a88-87103-28-3$9(OLS)http://semarc/number/56460 996 $6245$aMaria modello di contemplazione del Mistero di Cristo :$batti del 3° Colloquio Internazionale di Mariologia, Cesena, 9-10 aprile 1999$9(OLS)http://semarc/title/122879 996 $6260$aRoma :$bEd. Monfortane$9(OLS)http://semarc/publisher/29862